[Event "36th Teams Ch-GR"]
[Site "Kallithea Halkidiki"]
[Date "2008.07.06"]
[Round "1.1"]
[White "Kotronias, Vasilios"]
[Black "Tsiamis, Konstantinos"]
[Result "1-0"]
[WhiteElo "2574"]
[BlackElo "2303"]
[PlyCount "83"]
[EventDate "2008.07.06"]
[WhiteTeam "SO KAVALAS"]
[BlackTeam "EES KORYDALLOU"]

1. e4 e5 2. Nf3 Nc6 3. Bb5 a6 4. Ba4 Nf6 5. O-O Be7 6. Re1 b5 7. Bb3 d6 8. c3
O-O 9. h3 Na5 10. Bc2 c5 11. d4 Nd7 12. Nbd2 exd4 13. cxd4 Nc6 14. d5 Nce5 15.
a4 Rb8 16. Nxe5 Nxe5 17. axb5 axb5 18. f4 Ng6 19. Nf3 Bh4 20. Rf1 Bg3 21. f5
Ne5 22. Ng5 h6 23. f6 g6 24. Ra3 Bh4 25. Nf3 Bxf6 26. Bxh6 Re8 27. Qc1 Rb7 28.
Ra8 Nxf3+ 29. Rxf3 Bd4+ 30. Kh1 Qh4 31. Bf4 Qf6 32. b3 Qe7 33. Qe1 c4 34. bxc4
bxc4 35. Ra4 Rc7 36. Qg3 Be5 37. Bxe5 dxe5 38. Kh2 Qd6 39. Qf2 Kg7 40. Ra1 Ba6
41. Rf1 Qf8 42. Qb6 1-0

[Event "36th Teams Ch-GR"]
[Site "Kallithea Halkidiki"]
[Date "2008.07.06"]
[Round "1.1"]
[White "Katsiris, Ioannis"]
[Black "Papaioannou, Ioannis"]
[Result "0-1"]
[WhiteElo "2136"]
[BlackElo "2591"]
[PlyCount "142"]
[EventDate "2008.07.06"]
[WhiteTeam "EES KORYDALLOU"]
[BlackTeam "SO KAVALAS"]

1. e4 c5 2. c3 d5 3. exd5 Qxd5 4. d4 Nf6 5. Nf3 Bg4 6. dxc5 Qxc5 7. Na3 Nbd7 8.
Be3 Qc8 9. Be2 a6 10. O-O e6 11. Nc4 Bxf3 12. gxf3 Nd5 13. f4 b5 14. Nd2 Be7
15. Bf3 N7f6 16. Ne4 Nxe4 17. Bxe4 Nxe3 18. fxe3 Rb8 19. Qf3 O-O 20. Rac1 g6
21. b3 Bc5 22. c4 b4 23. Kh1 Qd8 24. Rcd1 Qf6 25. Bb1 Rbd8 26. e4 Rxd1 27. Rxd1
Rd8 28. Rxd8+ Qxd8 29. Qd3 Qf6 30. f5 Qg5 31. Qf1 e5 32. h3 Qe3 33. fxg6 hxg6
34. Bd3 Kg7 35. Kg2 Qg5+ 36. Kh2 Qd2+ 37. Qe2 Qc1 38. Qf1 Qe3 39. Kh1 a5 40.
Kg2 Qg5+ 41. Kh2 Qd2+ 42. Qe2 Qc1 43. Qf1 Qb2+ 44. Qe2 Qa1 45. Qg2 Be3 46. Bf1
Qb1 47. Kh1 Kf8 48. Qf3 Bd4 49. Qe2 Qc1 50. Kh2 Qg5 51. Qg4 Qe3 52. Qg2 Bc5 53.
Kh1 Ke7 54. h4 Kf8 55. Be2 Be7 56. h5 gxh5 57. Bxh5 Qe1+ 58. Kh2 Qh4+ 59. Qh3
Qxe4 60. Qf3 Qxf3 61. Bxf3 f5 62. Bd5 Kg7 63. Kg3 Kf6 64. Kf3 Bc5 65. Bb7 e4+
66. Kf4 Bd6+ 67. Ke3 Ke5 68. Bc6 Bc5+ 69. Ke2 f4 70. Be8 f3+ 71. Ke1 Kf4 0-1

[Event "36th Teams Ch-GR"]
[Site "Kallithea Halkidiki"]
[Date "2008.07.06"]
[Round "1.1"]
[White "Halkias, Stelios"]
[Black "Sperdokli, Elli"]
[Result "1-0"]
[WhiteElo "2579"]
[BlackElo "2129"]
[PlyCount "73"]
[EventDate "2008.07.06"]
[WhiteTeam "SO KAVALAS"]
[BlackTeam "EES KORYDALLOU"]

1. d4 Nf6 2. Nf3 e6 3. c4 c5 4. d5 exd5 5. cxd5 d6 6. Nc3 g6 7. h3 Bg7 8. e4
O-O 9. Bd3 Na6 10. O-O Nc7 11. a4 b6 12. Bf4 Bb7 13. Nd2 Nfe8 14. Bh2 Ba6 15.
Bxa6 Nxa6 16. Nc4 Nac7 17. Qd3 Qd7 18. Rfe1 Rd8 19. Rad1 b5 20. axb5 Nxb5 21.
Nxb5 Qxb5 22. Ra1 Rd7 23. Ra3 Qb8 24. Rb3 Qd8 25. Bf4 Qh4 26. Bg3 Qd8 27. Ra1
h5 28. Ra6 h4 29. Bf4 Kh7 30. Qf3 Bd4 31. Be3 Bxe3 32. Qxe3 Qe7 33. Qf4 f5 34.
e5 g5 35. Qf3 dxe5 36. Qh5+ Kg8 37. Rh6 1-0

[Event "36th Teams Ch-GR"]
[Site "Kallithea Halkidiki"]
[Date "2008.07.06"]
[Round "1.1"]
[White "Sismanis, Aggelos"]
[Black "Skembris, Spyridon"]
[Result "0-1"]
[WhiteElo "2191"]
[BlackElo "2415"]
[PlyCount "70"]
[EventDate "2008.07.06"]
[WhiteTeam "EES KORYDALLOU"]
[BlackTeam "SO KAVALAS"]

1. d4 Nf6 2. c4 c5 3. Nf3 cxd4 4. Nxd4 b6 5. Nc3 Bb7 6. Bg5 e6 7. e3 Be7 8. f3
O-O 9. Be2 d6 10. O-O Nbd7 11. e4 a6 12. Be3 Rc8 13. Rc1 Re8 14. Qd2 g6 15. b3
Bf8 16. Bf2 Qc7 17. Rfd1 Qb8 18. Nc2 Ba8 19. Ne3 Bc6 20. g4 b5 21. cxb5 axb5
22. b4 d5 23. exd5 exd5 24. g5 Nh5 25. Nexd5 Qe5 26. Ne4 Bxd5 27. Rxc8 Rxc8 28.
Qxd5 Qb2 29. Rd2 Qa1+ 30. Rd1 Qb2 31. Rd2 Qa1+ 32. Rd1 Qb2 33. Qxd7 Qxe2 34.
Rd2 Rc1+ 35. Kg2 Qf1# 0-1

[Event "36th Teams Ch-GR"]
[Site "Kallithea Halkidiki"]
[Date "2008.07.06"]
[Round "1.1"]
[White "Botsari, Anna-Maria"]
[Black "Ikonomopoulou, Maria"]
[Result "1-0"]
[WhiteElo "2321"]
[BlackElo "2074"]
[PlyCount "69"]
[EventDate "2008.07.06"]
[WhiteTeam "SO KAVALAS"]
[BlackTeam "EES KORYDALLOU"]

1. d4 Nf6 2. c4 e6 3. Nc3 Bb4 4. Qc2 O-O 5. a3 Bxc3+ 6. Qxc3 Ne4 7. Qc2 f5 8.
g3 c5 9. dxc5 Nc6 10. b4 a5 11. f3 axb4 12. fxe4 fxe4 13. Nh3 Nd4 14. Qd1 Qf6
15. Ra2 b3 16. Rd2 Nc2+ 17. Rxc2 bxc2 18. Qxc2 d5 19. cxd6 e5 20. Qxe4 Bf5 21.
Qe3 Qxd6 22. Nf2 Qc6 23. Qxe5 Qxc4 24. Bb2 Qf7 25. Bg2 Rae8 26. Qd4 Rd8 27. Qf4
Qb3 28. Qe5 Qf7 29. O-O Rfe8 30. Qb5 Qe6 31. e4 Bg6 32. Qb4 Rf8 33. Bh3 Qe8 34.
e5 Bd3 35. Qb3+ 1-0

[Event "36th Teams Ch-GR"]
[Site "Kallithea Halkidiki"]
[Date "2008.07.06"]
[Round "1.2"]
[White "Jobava, Baadur"]
[Black "Azmaiparashvili, Zurab"]
[Result "1/2-1/2"]
[WhiteElo "2665"]
[BlackElo "2615"]
[PlyCount "56"]
[EventDate "2008.07.06"]
[WhiteTeam "AO KYDON CHANION"]
[BlackTeam "NO KALAMATAS O POSEIDON"]

1. c4 e5 2. Nc3 Bb4 3. g3 Bxc3 4. dxc3 d6 5. Bg2 Nc6 6. Nf3 h6 7. O-O Be6 8. b3
Nge7 9. Ne1 Qd7 10. Nc2 Bh3 11. e4 Bxg2 12. Kxg2 f5 13. exf5 Nxf5 14. Qh5+ Qf7
15. Qxf7+ Kxf7 16. Ne3 Nxe3+ 17. fxe3+ Ke6 18. e4 Rhf8 19. Be3 b6 20. g4 Ke7
21. h4 Rxf1 22. Rxf1 Rf8 23. Rf5 Ke8 24. h5 Nd8 25. Kf3 Ne6 26. Bc1 Ke7 27. Be3
Ke8 28. Bc1 Ke7 1/2-1/2

[Event "36th Teams Ch-GR"]
[Site "Kallithea Halkidiki"]
[Date "2008.07.06"]
[Round "1.2"]
[White "Tsekouras, Theodoros"]
[Black "Banikas, Hristos"]
[Result "0-1"]
[WhiteElo "2204"]
[BlackElo "2572"]
[PlyCount "152"]
[EventDate "2008.07.06"]
[WhiteTeam "NO KALAMATAS O POSEIDON"]
[BlackTeam "AO KYDON CHANION"]

1. e4 c5 2. Nf3 Nc6 3. d4 cxd4 4. Nxd4 Qc7 5. Nc3 e6 6. Be2 a6 7. Be3 b5 8.
Nxc6 Qxc6 9. e5 Bb7 10. Bf3 Qc7 11. Bxb7 Qxb7 12. O-O Ne7 13. Qd3 Rc8 14. f4
Nf5 15. Bf2 h5 16. Ne4 Be7 17. Rad1 Qc6 18. c3 O-O 19. Rfe1 Rfd8 20. Qe2 g6 21.
Rd3 d6 22. exd6 Nxd6 23. Nxd6 Rxd6 24. Bd4 Rd5 25. Red1 Rcd8 26. Qe4 R8d6 27.
Rg3 Kf8 28. Rf1 Ke8 29. h3 h4 30. Re3 Rf5 31. Qxc6+ Rxc6 32. Re5 Bf6 33. Re4
Rc4 34. Rd1 Rd5 35. Kf2 Kd7 36. Ke3 Ra4 37. Rd2 Bxd4+ 38. Rexd4 Rxa2 39. Rxd5+
exd5 40. Rxd5+ Kc6 41. Rd2 a5 42. Kd3 a4 43. Rc2 Kc5 44. Re2 Kd6 45. Rd2 Ra1
46. Kc2+ Kc5 47. Rf2 Kd5 48. Kd3 Rd1+ 49. Ke2 Rg1 50. Kd3 Re1 51. Kd2 Ra1 52.
Kd3 Ra2 53. Rd2 a3 54. bxa3 Rxa3 55. Kc2+ Kc6 56. Kb2 Ra4 57. Rf2 Kd5 58. f5 g5
59. Kb3 f6 60. Rd2+ Kc5 61. Rf2 Re4 62. Kc2 Kc4 63. Kd2 Re8 64. Rf3 Ra8 65. g3
Ra2+ 66. Kd1 hxg3 67. Rxg3 Rf2 68. Ke1 Rxf5 69. Ke2 Rf4 70. Re3 Rf5 71. Rg3
Re5+ 72. Kd2 Rd5+ 73. Kc2 Rf5 74. Rg4+ Kd5 75. Rd4+ Ke6 76. Kd2 Rd5 0-1

[Event "36th Teams Ch-GR"]
[Site "Kallithea Halkidiki"]
[Date "2008.07.06"]
[Round "1.2"]
[White "Nikolaidis, Ioannis"]
[Black "Lambropoulos, Evangelos"]
[Result "1-0"]
[WhiteElo "2516"]
[BlackElo "2128"]
[PlyCount "77"]
[EventDate "2008.07.06"]
[WhiteTeam "AO KYDON CHANION"]
[BlackTeam "NO KALAMATAS O POSEIDON"]

1. d4 Nf6 2. c4 g6 3. Nc3 Bg7 4. e4 d6 5. Bg5 h6 6. Be3 O-O 7. h3 Nc6 8. Nf3
Nd7 9. Qd2 Kh7 10. d5 Nce5 11. Nd4 c5 12. Nc2 Nb6 13. b3 f5 14. f4 Nf7 15. Bd3
e6 16. dxe6 Bxe6 17. O-O Qf6 18. Nd5 Nxd5 19. exd5 Bd7 20. Rab1 a6 21. b4 cxb4
22. Bd4 Qd8 23. Rxb4 b5 24. cxb5 axb5 25. Bxg7 Kxg7 26. Nd4 Qb6 27. Rf2 Ra5 28.
a4 Re8 29. Bxb5 Bxb5 30. Rxb5 Rxb5 31. axb5 Kh7 32. Qb2 Nd8 33. Kh2 Re4 34. Nc6
Nb7 35. Rf1 Qc5 36. Ra1 Qe3 37. Ra7 Re7 38. Nxe7 Qxa7 39. Qf6 1-0

[Event "36th Teams Ch-GR"]
[Site "Kallithea Halkidiki"]
[Date "2008.07.06"]
[Round "1.2"]
[White "Kiriakopoulos, Antonios"]
[Black "Souleidis, Georgios"]
[Result "0-1"]
[WhiteElo "2055"]
[BlackElo "2431"]
[PlyCount "86"]
[EventDate "2008.07.06"]
[WhiteTeam "NO KALAMATAS O POSEIDON"]
[BlackTeam "AO KYDON CHANION"]

1. e4 c5 2. c3 Nf6 3. e5 Nd5 4. Nf3 Nc6 5. Bc4 Nb6 6. Bb3 c4 7. Bc2 Qc7 8. Qe2
g5 9. e6 fxe6 10. Nxg5 Qe5 11. d4 cxd3 12. Bxd3 Qxe2+ 13. Bxe2 d6 14. Na3 a6
15. Nc4 Nxc4 16. Bxc4 d5 17. Be2 Bg7 18. O-O O-O 19. Bg4 Rf6 20. f4 e5 21. f5
h6 22. Ne6 Bxe6 23. fxe6 Raf8 24. Be3 d4 25. cxd4 exd4 26. Bd2 Ne5 27. Rxf6
Bxf6 28. Bf3 Nxf3+ 29. gxf3 Rc8 30. Rc1 Rxc1+ 31. Bxc1 Kg7 32. Kf2 Kg6 33. Ke2
h5 34. Kd3 Kf5 35. b4 Kxe6 36. Ke4 Kd6 37. f4 e6 38. Bb2 d3 39. Be5+ Bxe5 40.
fxe5+ Kc6 41. Kxd3 Kd5 42. b5 axb5 43. Kc3 Kxe5 0-1

[Event "36th Teams Ch-GR"]
[Site "Kallithea Halkidiki"]
[Date "2008.07.06"]
[Round "1.3"]
[White "Gelashvili, Tamaz"]
[Black "Atalik, Suat"]
[Result "1/2-1/2"]
[WhiteElo "2612"]
[BlackElo "2585"]
[PlyCount "119"]
[EventDate "2008.07.06"]
[WhiteTeam "ES KALAMARIAS"]
[BlackTeam "SA THES/NIKIS O GALAXIAS"]

1. Nf3 Nf6 2. d4 d5 3. c4 e6 4. Bg5 Be7 5. Nc3 h6 6. Bh4 O-O 7. e3 b6 8. Bd3
Bb7 9. O-O Ne4 10. Bg3 c5 11. cxd5 exd5 12. dxc5 Bxc5 13. Qc2 Nxg3 14. hxg3 Nd7
15. Bh7+ Kh8 16. Bf5 Nf6 17. a3 Qe7 18. b4 Bd6 19. Nb5 Ba6 20. Qa4 Bxb5 21.
Qxb5 a5 22. Rab1 g6 23. Bd3 axb4 24. axb4 Ra3 25. Nd4 Ng4 26. Nc2 Rc3 27. Ne1
Bxg3 28. fxg3 Qxe3+ 29. Kh1 Qxg3 30. Nf3 Nf2+ 31. Rxf2 Qxf2 32. Qxd5 Rfc8 33.
Qxf7 Qg3 34. Qf6+ Kh7 35. Ne5 Rc1+ 36. Bf1 Rxb1 37. Qf7+ Kh8 38. Nxg6+ Qxg6 39.
Qxg6 Rxf1+ 40. Kh2 Rcf8 41. Qxh6+ Kg8 42. Qg6+ Kh8 43. Qxb6 Kg7 44. g4 R8f6 45.
Qb7+ Kg6 46. Kg3 Re6 47. Qd5 Rfe1 48. b5 R1e5 49. Qd4 Kg5 50. Qf4+ Kg6 51. b6
Rb5 52. b7 Reb6 53. Kh4 Rxb7 54. Qd6+ Kh7 55. g5 R5b6 56. Qd3+ Rg6 57. Qf5 Rbg7
58. Kh5 Rg8 59. Qf7+ R8g7 60. Qf5 1/2-1/2

[Event "36th Teams Ch-GR"]
[Site "Kallithea Halkidiki"]
[Date "2008.07.06"]
[Round "1.3"]
[White "Siebrecht, Sebastian"]
[Black "Oreopoulos, Konstantinos"]
[Result "1-0"]
[WhiteElo "2453"]
[BlackElo "2284"]
[PlyCount "93"]
[EventDate "2008.07.06"]
[WhiteTeam "SA THES/NIKIS O GALAXIAS"]
[BlackTeam "ES KALAMARIAS"]

1. d4 Nf6 2. Nf3 c5 3. d5 e6 4. c4 exd5 5. cxd5 d6 6. Nc3 g6 7. Nd2 Nbd7 8. g3
Bg7 9. Bg2 O-O 10. O-O Re8 11. a4 a6 12. h3 Qc7 13. Nc4 Nb6 14. Na3 Bd7 15. Re1
Nxa4 16. Nxa4 b5 17. Nc3 b4 18. Bd2 bxa3 19. bxa3 Rab8 20. Qc2 Rb7 21. e4 Reb8
22. Rab1 Qc8 23. Kh2 Ne8 24. f4 Rxb1 25. Rxb1 Nc7 26. e5 Rxb1 27. Qxb1 dxe5 28.
d6 Nb5 29. Nd5 Qf8 30. Ne7+ Kh8 31. Qd3 c4 32. Qd5 c3 33. Be3 exf4 34. Bxf4 c2
35. Qb7 Qd8 36. Qxa6 Bb2 37. a4 Na3 38. Qf1 Bg7 39. Qc1 Nb1 40. Qxc2 Nc3 41.
Bc6 Bxc6 42. Nxc6 Qe8 43. Ne5 Bf6 44. d7 Qe6 45. Qxc3 g5 46. d8=Q+ Bxd8 47.
Ng6+ 1-0

[Event "36th Teams Ch-GR"]
[Site "Kallithea Halkidiki"]
[Date "2008.07.06"]
[Round "1.3"]
[White "Prentos, Konstantinos"]
[Black "Georgiev, Krum"]
[Result "0-1"]
[WhiteElo "2271"]
[BlackElo "2446"]
[PlyCount "66"]
[EventDate "2008.07.06"]
[WhiteTeam "ES KALAMARIAS"]
[BlackTeam "SA THES/NIKIS O GALAXIAS"]

1. e4 c5 2. Nf3 d6 3. d4 cxd4 4. Nxd4 Nf6 5. Nc3 Bd7 6. Be2 e6 7. Be3 Bc6 8. f3
Be7 9. Qd2 O-O 10. g4 a6 11. g5 Nfd7 12. O-O-O b5 13. Bd3 Bb7 14. h4 Nc5 15.
Rdg1 Nbd7 16. h5 Rc8 17. Kb1 Ne5 18. g6 Bf6 19. f4 b4 20. h6 fxg6 21. Qh2 Rf7
22. hxg7 Rxg7 23. fxe5 dxe5 24. Nce2 exd4 25. e5 dxe3 26. exf6 Qxf6 27. Rf1 Qe7
28. Rhg1 Nxd3 29. cxd3 Qd7 30. Rd1 Qc7 31. Qxc7 Rgxc7 32. Rg3 Rc2 33. Rxe3 Rxe2
0-1

[Event "36th Teams Ch-GR"]
[Site "Kallithea Halkidiki"]
[Date "2008.07.06"]
[Round "1.3"]
[White "Topalidis, Konstantinos"]
[Black "Kanakaris, Georgios"]
[Result "1/2-1/2"]
[WhiteElo "2116"]
[BlackElo "2284"]
[PlyCount "102"]
[EventDate "2008.07.06"]
[WhiteTeam "ES KALAMARIAS"]
[BlackTeam "SA THES/NIKIS O GALAXIAS"]

1. d4 Nf6 2. c4 g6 3. Nc3 Bg7 4. e4 d6 5. f4 O-O 6. Nf3 Na6 7. Bd3 Bg4 8. O-O
e5 9. fxe5 dxe5 10. d5 Nd7 11. h3 Bxf3 12. Qxf3 Nb4 13. Bb1 a5 14. a3 Na6 15.
Bc2 Nac5 16. Be3 Ra6 17. b4 axb4 18. axb4 Rxa1 19. Rxa1 Na6 20. Rb1 Kh8 21. c5
Qe7 22. Qe2 f5 23. c6 f4 24. Bf2 f3 25. gxf3 Nb6 26. b5 Nb4 27. Bd1 Bh6 28. Bg3
bxc6 29. bxc6 Ra8 30. Nb5 Ra2 31. Rb2 Rxb2 32. Qxb2 Nd3 33. Qa3 Qg5 34. Qxd3
Qxg3+ 35. Kf1 Qxh3+ 36. Ke1 Qh4+ 37. Kf1 Qh1+ 38. Kf2 Qh2+ 39. Kf1 Bf4 40. Qc2
Qh1+ 41. Kf2 Bg5 42. Nxc7 Bh4+ 43. Ke2 Qe1+ 44. Kd3 Bg5 45. Be2 Qf2 46. Kc3
Qd4+ 47. Kb3 Qa4+ 48. Kb2 Qb4+ 49. Ka2 Qa5+ 50. Kb1 Qb4+ 51. Ka2 Qa5+ 1/2-1/2

[Event "36th Teams Ch-GR"]
[Site "Kallithea Halkidiki"]
[Date "2008.07.06"]
[Round "1.3"]
[White "Baloutsou, Vasiliki"]
[Black "Giaidzi, Aspasia"]
[Result "1/2-1/2"]
[WhiteElo "1990"]
[BlackElo "2052"]
[PlyCount "41"]
[EventDate "2008.07.06"]
[WhiteTeam "SA THES/NIKIS O GALAXIAS"]
[BlackTeam "ES KALAMARIAS"]

1. Nf3 d5 2. d4 Nf6 3. c4 dxc4 4. e3 Bg4 5. Bxc4 e6 6. O-O Be7 7. Nbd2 O-O 8.
Qb3 Qc8 9. Ne5 Bh5 10. Ndf3 Bxf3 11. Nxf3 Nc6 12. Bd2 h6 13. Rac1 Bd6 14. Bb5
Ne7 15. Bd3 a5 16. Rc4 Nc6 17. Rfc1 Qd7 18. Qxb7 Nb4 19. Bxb4 axb4 20. Bb1 Qe7
21. Ne5 1/2-1/2

[Event "36th Teams Ch-GR"]
[Site "Kallithea Halkidiki"]
[Date "2008.07.06"]
[Round "1.3"]
[White "Kotronia, Antonia"]
[Black "Hrisoglou, Sofia"]
[Result "1/2-1/2"]
[WhiteElo "1752"]
[BlackElo "1564"]
[PlyCount "124"]
[EventDate "2008.07.06"]
[WhiteTeam "ES KALAMARIAS"]
[BlackTeam "SA THES/NIKIS O GALAXIAS"]

1. e4 c5 2. Nf3 e6 3. d4 cxd4 4. Nxd4 Nf6 5. Nc3 Nc6 6. Ndb5 Bb4 7. a3 Bxc3+ 8.
Nxc3 d5 9. exd5 exd5 10. Bd3 O-O 11. O-O d4 12. Ne2 Bg4 13. f3 Be6 14. Nf4 Bd7
15. Re1 Qb6 16. b4 Rfe8 17. Bb2 a6 18. Qd2 Rad8 19. Kh1 Be6 20. Nxe6 fxe6 21.
Qf2 Qc7 22. Bc4 Qd6 23. Rad1 Kh8 24. f4 Nd5 25. Bxd4 Qxf4 26. Bxd5 Qxf2 27.
Bxf2 exd5 28. Rxe8+ Rxe8 29. Rxd5 Re2 30. Bc5 Rxc2 31. Rd7 Rc1+ 32. Bg1 Kg8 33.
h3 Ra1 34. Rxb7 Rxa3 35. Bc5 Rb3 36. Rb6 Ne5 37. Rxa6 Nd3 38. Rb6 Nb2 39. Rb8+
Kf7 40. Rb7+ Kg8 41. Bd4 g6 42. Rg7+ Kf8 43. Rxh7 Nd3 44. Bc5+ Kg8 45. Rh4 Kf7
46. Rg4 Kf6 47. h4 Kf5 48. Rg5+ Kf6 49. b5 Nf4 50. Bd4+ Kf7 51. Bf2 Nd3 52. Bg1
Nf4 53. b6 Ne2 54. Bf2 Nc3 55. Ra5 Ne4 56. Ra7+ Kf6 57. Bd4+ Kf5 58. Re7 Nd6
59. Be5 Nc8 60. b7 Nxe7 61. b8=Q Rxb8 62. Bxb8 Kg4 1/2-1/2

[Event "36th Teams Ch-GR"]
[Site "Kallithea Halkidiki"]
[Date "2008.07.06"]
[Round "1.4"]
[White "Miroshnichenko, Evgenij"]
[Black "Macieja, Bartlomiej"]
[Result "1/2-1/2"]
[WhiteElo "2593"]
[BlackElo "2606"]
[PlyCount "51"]
[EventDate "2008.07.06"]
[WhiteTeam "ES THESSALONIKIS"]
[BlackTeam "PS PERISTERIOU"]

1. d4 Nf6 2. c4 e6 3. g3 d5 4. Bg2 Bb4+ 5. Bd2 Be7 6. Nf3 O-O 7. O-O c6 8. Qc2
Nbd7 9. Bf4 a5 10. Rd1 Nh5 11. Bc1 b5 12. Ne5 Bb7 13. c5 f5 14. Nd2 Nhf6 15.
Nd3 Qe8 16. Nf3 h6 17. h4 Ne4 18. Nfe5 Nxe5 19. Nxe5 Nf6 20. Bf3 Nd7 21. Bf4 g5
22. hxg5 hxg5 23. Nxd7 Qxd7 24. Be5 Bf6 25. Bd6 Rf7 26. Qd2 1/2-1/2

[Event "36th Teams Ch-GR"]
[Site "Kallithea Halkidiki"]
[Date "2008.07.06"]
[Round "1.4"]
[White "Tzermiadianos, Andreas"]
[Black "Mastrovasilis, Dimitrios"]
[Result "1/2-1/2"]
[WhiteElo "2455"]
[BlackElo "2563"]
[PlyCount "36"]
[EventDate "2008.07.06"]
[WhiteTeam "PS PERISTERIOU"]
[BlackTeam "ES THESSALONIKIS"]

1. e4 e5 2. Nf3 Nc6 3. Bc4 Nf6 4. d4 exd4 5. e5 Ne4 6. Qe2 Nc5 7. O-O Be7 8.
Rd1 Ne6 9. Bxe6 fxe6 10. Nxd4 Nxd4 11. Rxd4 O-O 12. Nc3 b6 13. Rg4 Kh8 14. Qd3
Bb7 15. Qg3 Bc5 16. Be3 Qe7 17. Rd1 Rf7 18. Ne4 Bxe3 1/2-1/2

[Event "36th Teams Ch-GR"]
[Site "Kallithea Halkidiki"]
[Date "2008.07.06"]
[Round "1.4"]
[White "Nikomanis, Andreas"]
[Black "Mastrovasilis, Athanasios"]
[Result "0-1"]
[WhiteElo "1984"]
[BlackElo "2518"]
[PlyCount "58"]
[EventDate "2008.07.06"]
[WhiteTeam "PS PERISTERIOU"]
[BlackTeam "ES THESSALONIKIS"]

1. e4 c5 2. Nf3 e6 3. d4 cxd4 4. Nxd4 a6 5. Nc3 Qc7 6. Bd3 Nf6 7. O-O Bc5 8.
Nb3 Be7 9. f4 d6 10. Be3 Nbd7 11. Qf3 b6 12. Qg3 h5 13. f5 e5 14. Kh1 Bb7 15.
Nd2 b5 16. Bg1 Kf8 17. Qf3 Nb6 18. a4 b4 19. a5 Nbd7 20. Na2 d5 21. exd5 Bxd5
22. Qe2 Qb7 23. c3 h4 24. h3 Nh5 25. Bh2 Ndf6 26. Nxb4 Bxb4 27. cxb4 Ng3+ 28.
Bxg3 hxg3 29. Kg1 Qa7+ 0-1

[Event "36th Teams Ch-GR"]
[Site "Kallithea Halkidiki"]
[Date "2008.07.06"]
[Round "1.4"]
[White "Zakarian, David"]
[Black "Apostolou, Elias"]
[Result "1-0"]
[WhiteElo "2346"]
[BlackElo "1889"]
[PlyCount "51"]
[EventDate "2008.07.06"]
[WhiteTeam "ES THESSALONIKIS"]
[BlackTeam "PS PERISTERIOU"]

1. e4 e5 2. Nf3 Nc6 3. Bb5 a6 4. Ba4 Nf6 5. d3 b5 6. Bb3 Be7 7. O-O O-O 8. c3
d5 9. Nbd2 dxe4 10. dxe4 Bb7 11. Qe2 Bd6 12. Rd1 Qc8 13. Nf1 Ne7 14. Ng3 h6 15.
h3 Bc6 16. Nh4 Qb7 17. f3 Bd7 18. Nhf5 Nxf5 19. exf5 Rfe8 20. Ne4 Nxe4 21. fxe4
Bc6 22. Qh5 Rf8 23. Bxh6 gxh6 24. Qg6+ Kh8 25. Qxh6+ Kg8 26. f6 1-0

[Event "36th Teams Ch-GR"]
[Site "Kallithea Halkidiki"]
[Date "2008.07.06"]
[Round "1.5"]
[White "Festas, Georgios"]
[Black "Managadze, Nikoloz"]
[Result "0-1"]
[WhiteElo "2172"]
[BlackElo "2444"]
[PlyCount "80"]
[EventDate "2008.07.06"]
[WhiteTeam "SO ILIOUPOLIS"]
[BlackTeam "FO N. HERAKLIOU ATTIKIS"]

1. d4 b5 2. e4 Bb7 3. Bd3 e6 4. Qe2 a6 5. Nf3 c5 6. c3 d6 7. O-O Nf6 8. Bg5 Be7
9. Nbd2 Nc6 10. a4 c4 11. Bc2 e5 12. dxe5 dxe5 13. Rfd1 Qb6 14. Bxf6 Bxf6 15.
axb5 axb5 16. Rxa8+ Bxa8 17. b3 cxb3 18. Bxb3 O-O 19. Bd5 Bb7 20. Nf1 g6 21.
Ne3 h5 22. h3 Kg7 23. Rb1 Ba6 24. Qa2 Na5 25. Ra1 Bd8 26. Nxe5 Qc7 27. Nc6 Nxc6
28. Qxa6 Ne5 29. Qxb5 Qxc3 30. Rd1 Bg5 31. Nc4 Nd3 32. Rf1 Bf6 33. e5 Bxe5 34.
Nxe5 Nxe5 35. Qb3 Qa5 36. f4 Nd7 37. Bf3 Nf6 38. Qb2 Rd8 39. Rd1 Rxd1+ 40. Bxd1
Qe1+ 0-1

[Event "36th Teams Ch-GR"]
[Site "Kallithea Halkidiki"]
[Date "2008.07.06"]
[Round "1.5"]
[White "Tassopoulos, Marios"]
[Black "Skalkotas, Nikolaos"]
[Result "1/2-1/2"]
[WhiteElo "2271"]
[BlackElo "2273"]
[PlyCount "44"]
[EventDate "2008.07.06"]
[WhiteTeam "FO N. HERAKLIOU ATTIKIS"]
[BlackTeam "SO ILIOUPOLIS"]

1. e4 e5 2. Nf3 Nc6 3. d4 exd4 4. Nxd4 Bc5 5. Nxc6 Qf6 6. Qd2 bxc6 7. Bc4 Ne7
8. O-O O-O 9. Nc3 Bd4 10. Na4 d5 11. Bd3 dxe4 12. Bxe4 Ba6 13. Bd3 Bb5 14. Nc3
Bxd3 15. cxd3 Rfd8 16. Ne4 Qg6 17. Qe2 Rab8 18. Rb1 Qe6 19. Bg5 Rd5 20. Bxe7
Qxe7 21. Qc2 Qd7 22. Rfc1 Rb6 1/2-1/2

[Event "36th Teams Ch-GR"]
[Site "Kallithea Halkidiki"]
[Date "2008.07.06"]
[Round "1.5"]
[White "Gogolis, Alexandros"]
[Black "Papadopoulos, Nikolaos"]
[Result "1/2-1/2"]
[WhiteElo "2283"]
[BlackElo "2109"]
[PlyCount "51"]
[EventDate "2008.07.06"]
[WhiteTeam "SO ILIOUPOLIS"]
[BlackTeam "FO N. HERAKLIOU ATTIKIS"]

1. d4 g6 2. Nf3 Bg7 3. c3 d5 4. Bg5 Nf6 5. Nbd2 O-O 6. e3 Nc6 7. Be2 Re8 8. O-O
e5 9. Bb5 exd4 10. cxd4 Bd7 11. Nb3 a6 12. Be2 h6 13. Bxf6 Qxf6 14. Rc1 Qd6 15.
Nc5 Bc8 16. a3 Ne7 17. Nd3 Nf5 18. Rc3 Qe7 19. Qc1 c6 20. Re1 Nd6 21. Nc5 Bf5
22. Bd3 Bxd3 23. Rxd3 h5 24. Rc3 Bf6 25. Qc2 Kg7 26. Rb3 1/2-1/2

[Event "36th Teams Ch-GR"]
[Site "Kallithea Halkidiki"]
[Date "2008.07.06"]
[Round "1.5"]
[White "Papadimitriou, Athanasios"]
[Black "Ignatiadis, Konstantinos"]
[Result "1/2-1/2"]
[WhiteElo "2064"]
[BlackElo "2271"]
[PlyCount "79"]
[EventDate "2008.07.06"]
[WhiteTeam "FO N. HERAKLIOU ATTIKIS"]
[BlackTeam "SO ILIOUPOLIS"]

1. Nf3 Nf6 2. g3 g6 3. Bg2 Bg7 4. O-O O-O 5. c4 d6 6. Nc3 e5 7. d3 Nc6 8. Rb1
a5 9. a3 Bg4 10. Bg5 h6 11. Bxf6 Bxf6 12. b4 axb4 13. axb4 Bg7 14. b5 Ne7 15.
Nd2 c6 16. Nb3 Be6 17. Qc2 f5 18. Ra1 Qc7 19. Rfb1 Rxa1 20. Rxa1 e4 21. bxc6
bxc6 22. dxe4 Bxc4 23. Ra4 Bf7 24. Nd5 Nxd5 25. exd5 c5 26. Na5 Ra8 27. Nc4
Rxa4 28. Qxa4 Qb8 29. Qc6 Bf8 30. e3 Be8 31. Qb6 Qxb6 32. Nxb6 Kf7 33. f4 Ke7
34. e4 fxe4 35. Bxe4 Bg7 36. Kg2 Bd4 37. Nc4 g5 38. Kf3 Bb5 39. Bd3 Bxc4 40.
Bxc4 1/2-1/2

[Event "36th Teams Ch-GR"]
[Site "Kallithea Halkidiki"]
[Date "2008.07.06"]
[Round "1.5"]
[White "Papageorgiou, Dimitrios"]
[Black "Pappelis, Dimitrios"]
[Result "0-1"]
[WhiteElo "1855"]
[BlackElo "1889"]
[PlyCount "116"]
[EventDate "2008.07.06"]
[WhiteTeam "SO ILIOUPOLIS"]
[BlackTeam "FO N. HERAKLIOU ATTIKIS"]

1. d4 Nf6 2. Bg5 d6 3. Bxf6 exf6 4. e3 Be7 5. Bd3 O-O 6. Nd2 f5 7. Ne2 Bf6 8.
Nf4 g6 9. c3 Nd7 10. O-O Bg7 11. Re1 Nf6 12. e4 fxe4 13. Nxe4 Nxe4 14. Bxe4 c6
15. g3 d5 16. Bg2 Bf5 17. Bh3 Bxh3 18. Nxh3 Bh6 19. Qf3 Qb6 20. Re2 Rae8 21.
Rae1 Re4 22. b3 f5 23. Qd3 Rfe8 24. f3 Rxe2 25. Rxe2 Qd8 26. Kf2 Kf7 27. f4 Re4
28. Ng1 g5 29. fxg5 Qxg5 30. Nf3 Qc1 31. Ne5+ Kf6 32. Qf3 Rxe2+ 33. Qxe2 Qxc3
34. Nd7+ Kf7 35. Qh5+ Ke7 36. Qxh6 Qxd4+ 37. Kg2 Qe4+ 38. Kh3 Kxd7 39. Qxh7+
Kc8 40. Qh8+ Kc7 41. Qg7+ Kb6 42. Qc3 a5 43. a3 d4 44. Qb2 d3 45. b4 axb4 46.
axb4 Kb5 47. Qc3 Qg4+ 48. Kg2 Qe2+ 49. Kh3 d2 50. Qc5+ Ka4 51. Qc2+ Kxb4 52.
Qb2+ Kc4 53. Qc2+ Kd4 54. Qa4+ Kd5 55. Qa5+ b5 56. Qd8+ Kc4 57. Qg8+ Kb4 58.
Qf8+ c5 0-1